Canada's who's who of the poultry industry.

Bibliographic Details
Format: Serial
Language:English
Published: New Westminster, B. C., Farm Papers.
Subjects:
Online Availability: Check for online availability

MARC

Tag First Indicator Second Indicator Subfields
LEADER 00000cas a2200000 4500
001 in00000066532
005 20230807121152.0
008 750821c19559999bccar r 0 a0eng
010 |a cn 75031704  
015 |a 750317043  |2 can 
016 |a (AMICUS)000000140378 
016 7 |a 011741827  |2 Uk 
019 |a 2247757  |a 977195035 
022 0 |a 0068-8134  |2 4 
029 1 |a NLC  |b 000000140378 
029 1 |a AU@  |b 000020627364 
029 1 |a UKMGB  |b 011741827 
035 |a (OCoLC)on1080362302 
035 |a (OCoLC)1080362302  |z (OCoLC)2247757  |z (OCoLC)977195035 
037 |b Farm Papers, 605 Royal Ave., New Westminster, B. C. V3M 1J4 
040 |a NLC  |b eng  |c NLC  |d OCLCO  |d OCLCF  |d CGC  |d AGL  |d UKMGB  |d OCLCO 
042 |a nlc  |a isds/c 
043 |a n-cn--- 
055 0 1 |a SF493 
082 |a 338.1/7/6502571 
084 |a cci1icc  |2 lacc 
210 0 |a Can. who who poult. ind. 
222 0 |a Canada's who's who of the poultry industry 
245 0 0 |a Canada's who's who of the poultry industry. 
260 |a New Westminster, B. C.,  |b Farm Papers. 
300 |a v.  |b ill.  |c 28 cm. 
362 0 |a 1st- ed.; 1955- 
515 |a Not published in 1961. 
650 0 |a Poultry industry  |z Canada  |x Directories. 
650 6 |a Volailles  |x Industrie  |z Canada  |x Répertoires. 
650 7 |a Poultry industry.  |2 fast  |0 (OCoLC)fst01074025 
651 7 |a Canada.  |2 fast  |0 (OCoLC)fst01204310 
655 7 |a Directories.  |2 fast  |0 (OCoLC)fst01423796 
948 |h HELD BY TXA - 20 OTHER HOLDINGS 
994 |a Z0  |b TXA 
999 f f |s fe11aafb-ba3e-37cd-b30b-a51c942e77ee  |i b7e4c7a8-f03b-3b24-bbc8-e9ebbf29dea2  |t 0 
952 f f |p ric  |a Texas A&M University  |b Rellis Campus  |c Joint Library Facility  |d Remote Storage  |t 0  |e SF493 .C3  |h Library of Congress classification  |i unmediated -- volume  |k 1976-1977,1979-1980  |m A14818734204 
952 f f |p ric  |a Texas A&M University  |b Rellis Campus  |c Joint Library Facility  |d Remote Storage  |t 0  |e SF493 .C3  |h Library of Congress classification  |i unmediated -- volume  |k 1987  |m A14811288977 
952 f f |p ric  |a Texas A&M University  |b Rellis Campus  |c Joint Library Facility  |d Remote Storage  |t 0  |e SF493 .C3  |h Library of Congress classification  |i unmediated -- volume  |k 1981-1985  |m A14852019265 
952 f f |p ric  |a Texas A&M University  |b Rellis Campus  |c Joint Library Facility  |d Remote Storage  |t 0  |e SF493 .C3  |h Library of Congress classification  |i unmediated -- volume  |k 1966-1970  |m A14852019315 
952 f f |p ric  |a Texas A&M University  |b Rellis Campus  |c Joint Library Facility  |d Remote Storage  |t 0  |e SF493 .C3  |h Library of Congress classification  |i unmediated -- volume  |k 1986  |m A14811288927 
952 f f |p ric  |a Texas A&M University  |b Rellis Campus  |c Joint Library Facility  |d Remote Storage  |t 0  |e SF493 .C3  |h Library of Congress classification  |i unmediated -- volume  |k 1971-1975  |m A14852019257 
998 f f |a SF493 .C3  |s 1966-1977,1979-1987  |t 0  |l Remote Storage